Post harvest handling of vegetables (Record no. 14094)
[ view plain ]
| 000 -LEADER | |
|---|---|
| fixed length control field | 00294nam a22001217a 4500 |
| 020 ## - INTERNATIONAL STANDARD BOOK NUMBER | |
| ISBN | 9789380428499 |
| 082 ## - DEWEY DECIMAL CLASSIFICATION NUMBER | |
| Classification number | 631.56 |
| Item number | DHA/Po |
| 100 ## - MAIN ENTRY--AUTHOR NAME | |
| Personal name | Dhall, R.K |
| 245 ## - TITLE STATEMENT | |
| Title | Post harvest handling of vegetables |
| 260 ## - PUBLICATION, DISTRIBUTION, ETC. (IMPRINT) | |
| Place of publication | Delhi |
| Name of publisher | Narendra publishing House |
| Year of publication | 2012 |
| 300 ## - PHYSICAL DESCRIPTION | |
| Number of Pages | 330p |
| 942 ## - ADDED ENTRY ELEMENTS (KOHA) | |
| Koha item type | Books |
| Withdrawn status | Lost status | Damaged status | Collection code | Home library | Current library | Shelving location | Date acquired | Cost, normal purchase price | Full call number | Accession Number | Koha item type |
|---|---|---|---|---|---|---|---|---|---|---|---|
| KAUAET | KAUAET | General Stacks | 31/03/2014 | 1295.00 | 631.56 DHA/Po | 24487 | Books | ||||
| KAUAET | KAUAET | General Stacks | 31/03/2014 | 1295.00 | 631.56 DHA/Po | 24488 | Books |
